000 00648nam a2200277Ia 4500
005 20260324134525.0
008 008 260324s9999 xx 000 0 eng d
020 _a9781315257273
037 _aEBOOK
040 _aCRL
040 _beng
040 _cCRL
041 _2eng
041 _aeng
084 _qCRL
100 _aSuzanne Pinckney Stetkevych
_91197138
245 0 _aEarly Islamic Poetry and Poetics
260 _bTaylor and Francis
260 _c2001
365 _a
365 _b420
856 _uhttp://www.taylorfrancis.com/books/9781315257273
942 _cEBOOK
999 _c1797328
_d1797328